Statistics for AUSTRALIA's TOP 10 TWO-WAY TRADING PARTNERS

Click here to take the quiz!

General Stats

  • This quiz has been taken 76 times
  • The average score is 7 of 10

Answer Stats

Hint Answer % Correct
1China
98%
2Japan
94%
6New Zealand
87%
8Malaysia
75%
9Thailand
73%
10Germany
71%
5Singapore
65%
7United Kingdom
46%
3United States
46%
4Republic of Korea
6%

Score Distribution

Percentile by Number Answered

Percent of People with Each Score

Your Score History

You have not taken this quiz